Fabulous Fonts II Quiz Stats

 Plays Quiz Updated May 16, 2018

Score 0/24 Timer 08:00
3 Plays Today
% Correct
Snickers
94.2%
YouTube
93.2%
Harry Potter
89.4%
Amazon.com
85.3%
WALL-E
80.6%
M*A*S*H
76.5%
IKEA
75.1%
The Simpsons
73.3%
ESPN
72.9%
Skype
72.9%
Indiana Jones
70%
Kraft
66.2%
% Correct
Twitter
65.3%
TRON: Legacy
59.7%
Guitar Hero
53%
House, M.D.
52.7%
SEGA
48.9%
Lord of the Rings
48.7%
Twilight
48.3%
KISS
48%
Dexter
46.2%
Warcraft
43.5%
Breaking Bad
42.3%
Mythbusters
36.1%

You're not logged in!

Compare scores with friends on all Sporcle quizzes.
OR
Log In

Show Comments

Extras

Top Quizzes Today


Score Distribution

Your Account Isn't Verified!

In order to create a playlist on Sporcle, you need to verify the email address you used during registration. Go to your Sporcle Settings to finish the process.

Report this User

Report this user for behavior that violates our Community Guidelines.

Details: